10 biggest cities in every European country - Statistics

General Stats
  • This quiz has been taken 60 times
  • The average score is 172 of 448
Answer Stats
Country City % Correct
Hungary Budapest
94%
Ireland Dublin
92%
Poland Warsaw
92%
Greece Athens
90%
Belgium Brussels
90%
Portugal Lisbon
90%
Italy Rome
90%
Montenegro Bar
88%
Germany Berlin
88%
Portugal Porto
88%
Albania Tirana
88%
Netherlands Amsterdam
86%
Spain Barcelona
86%
Denmark Copenhagen
86%
United Kingdom London
86%
Spain Madrid
86%
Italy Milan
86%
Russia Moscow
86%
Germany Munich
86%
France Paris
86%
Russia Saint Petersburg
86%
Austria Vienna
86%
United Kingdom Birmingham
84%
Finland Helsinki
84%
Turkey Istanbul
84%
Luxembourg Luxembourg
84%
United Kingdom Manchester
84%
Belarus Minsk
84%
Norway Oslo
84%
Czech Republic Prague
84%
Iceland Reykjavík
84%
Netherlands Rotterdam
84%
Bulgaria Sofia
84%
Croatia Zagreb
84%
Andorra Andorra la Vella
82%
Ukraine Kyiv
82%
France Marseille
82%
Italy Naples
82%
Latvia Riga
82%
Sweden Stockholm
82%
Switzerland Zürich
82%
Turkey Ankara
80%
Belgium Antwerp
80%
Switzerland Bern
80%
Romania Bucharest
80%
Italy Florence
80%
Germany Hamburg
80%
Poland Kraków
80%
France Lyon
80%
France Nice
80%
Bosnia and Herzegovina Sarajevo
80%
Greece Thessaloniki
80%
Italy Turin
80%
Spain València
80%
Vatican City Vatican City
80%
Slovakia Bratislava
78%
Ireland Cork
78%
Germany Frankfurt am Main
78%
Poland Gdańsk
78%
North Macedonia Skopje
78%
Estonia Tallinn
78%
Serbia Belgrade
76%
Moldova Chișinău
76%
Switzerland Geneva
76%
United Kingdom Glasgow
76%
Sweden Gothenburg
76%
United Kingdom Liverpool
76%
Italy Palermo
76%
Kosovo Priština
76%
Austria Salzburg
76%
Croatia Split
76%
Netherlands The Hague
76%
Lithuania Vilnius
76%
Slovenia Ljubljana
74%
Sweden Malmö
74%
Montenegro Podgorica
74%
San Marino San Marino
74%
Switzerland Basel
72%
Norway Bergen
72%
United Kingdom Edinburgh
72%
Turkey İzmir
72%
United Kingdom Leeds
72%
Germany Stuttgart
72%
Liechtenstein Vaduz
72%
France Bordeaux
70%
Czech Republic Brno
70%
Germany Cologne
70%
Italy Genoa
70%
Belgium Ghent
70%
Austria Graz
70%
Austria Innsbruck
70%
France Lille
70%
Denmark Aarhus
68%
Ireland Galway
68%
Germany Leipzig
68%
Ukraine Odessa
68%
France Toulouse
68%
Netherlands Utrecht
68%
Belarus Brest
66%
Germany Dortmund
66%
Germany Düsseldorf
66%
Austria Linz
66%
Poland Łódź
66%
Spain Sevilla
66%
Spain Bilbao
64%
Italy Bologna
64%
Belgium Bruges
64%
Albania Durrës
64%
Spain Málaga
64%
Serbia Novi Sad
64%
Turkey Antalya
62%
Portugal Braga
62%
United Kingdom Bristol
62%
Romania Cluj-Napoca
62%
Ukraine Donetsk
62%
Ukraine Kharkiv
62%
Ireland Limerick
62%
France Nantes
62%
France Strasbourg
62%
Lithuania Kaunas
60%
Belgium Liège
60%
Ukraine Lviv
60%
Monaco Monte-Carlo
60%
Moldova Tiraspol
60%
Sweden Uppsala
60%
Bulgaria Varna
60%
Denmark Aalborg
58%
Hungary Debrecen
58%
Netherlands Eindhoven
58%
Russia Kazan
58%
Russia Nizhny Novgorod
58%
Russia Novosibirsk
58%
Bulgaria Plovdiv
58%
Russia Yekaterinburg
58%
Bosnia and Herzegovina Banja Luka
56%
Germany Essen
56%
Greece Heraklion
56%
United Kingdom Leicester
56%
Slovenia Maribor
56%
Serbia Niš
56%
Spain Palma
56%
United Kingdom Sheffield
56%
Finland Tampere
56%
Spain Zaragoza
56%
Ukraine Dnipro
54%
Switzerland Lausanne
54%
Denmark Odense
54%
Russia Omsk
54%
Norway Trondheim
54%
Poland Wrocław
54%
Italy Bari
52%
Bulgaria Burgas
52%
Turkey Bursa
52%
Finland Espoo
52%
Slovakia Košice
52%
Poland Poznań
52%
Croatia Rijeka
52%
Liechtenstein Schaan
52%
Finland Turku
52%
Belgium Charleroi
50%
Netherlands Groningen
50%
Russia Samara
50%
Estonia Tartu
50%
Turkey Adana
48%
Italy Catania
48%
Romania Constanța
48%
Belarus Gomel
48%
Romania Iași
48%
Greece Larissa
48%
Malta Mosta
48%
Czech Republic Ostrava
48%
Czech Republic Plzeň
48%
Russia Rostov on Don
48%
Romania Timișoara
48%
Latvia Daugavpils
46%
Austria Klagenfurt am Wörthersee
46%
Spain Murcia
46%
Finland Oulu
46%
Norway Stavanger
46%
Poland Szczecin
46%
Ireland Waterford
46%
Bosnia and Herzegovina Mostar
44%
Ukraine Sevastopol
44%
Switzerland Biel
42%
Russia Chelyabinsk
42%
Turkey Konya
42%
Poland Lublin
42%
Albania Vlorë
42%
Sweden Helsingborg
40%
Lithuania Klaipėda
40%
Sweden Nörrköping
40%
Croatia Osijek
40%
Greece Patras
40%
Hungary Pécs
40%
Kosovo Prizren
38%
Albania Shkodër
38%
Croatia Zadar
38%
Malta Birkirkara
36%
North Macedonia Bitola
36%
Romania Brașov
36%
Turkey Gaziantep
36%
Switzerland Lugano
36%
France Montpellier
36%
Estonia Narva
36%
Albania Elbasan
34%
Hungary Győr
34%
Iceland Keflavík og Njarðvík
34%
Latvia Liepāja
34%
Belgium Namur
34%
Croatia Pula
34%
Switzerland St. Gallen
34%
Austria Villach
34%
Luxembourg Esch-sur-Alzette
32%
Sweden Jönköping
32%
Czech Republic Liberec
32%
Sweden Linköping
32%
Montenegro Nikšić
32%
Estonia Pärnu
32%
San Marino Serravalle
32%
Portugal Setúbal
32%
Hungary Szeged
32%
Greece Volos
32%
Bosnia and Herzegovina Zenica
32%
Portugal Coimbra
30%
Denmark Esbjerg
30%
Romania Galați
30%
Slovenia Koper
30%
Norway Kristiansand
30%
Switzerland Luzern
30%
North Macedonia Ohrid
30%
Serbia Subotica
30%
Latvia Ventspils
30%
Belarus Vitebsk
30%
Iceland Akureyri
28%
Poland Białystok
28%
Montenegro Budva
28%
Poland Bydgoszcz
28%
Slovenia Celje
28%
Romania Craiova
28%
Portugal Funchal
28%
Belarus Grodno
28%
Czech Republic Olomouc
28%
Slovakia Prešov
28%
Bosnia and Herzegovina Tuzla
28%
Finland Vantaa
28%
Sweden Västerås
28%
Moldova Bălți
26%
Greece Ioannina
26%
Slovenia Kranj
26%
Turkey Mersin
26%
Hungary Miskolc
26%
Slovakia Nitra
26%
Sweden Örebro
26%
Bulgaria Ruse
26%
Netherlands Tilburg
26%
Portugal Amadora
24%
Belgium Anderlecht
24%
Greece Chania
24%
Norway Drammen
24%
Andorra Encamp
24%
Andorra Escaldes-Engordany
24%
Netherlands Haarlem
24%
Latvia Jūrmala
24%
Finland Jyväskylä
24%
Croatia Karlovac
24%
Serbia Kragujevac
24%
Netherlands Leiden
24%
Belarus Mogilev
24%
Ukraine Mykolaiv
24%
North Macedonia Tetovo
24%
Portugal Vila Nova de Gaia
24%
Switzerland Winterthur
24%
Slovakia Žilina
24%
Slovakia Banská Bystrica
22%
North Macedonia Kumanovo
22%
Albania Korçë
22%
Finland Lahti
22%
Belgium Leuven
22%
Kosovo Mitrovica
22%
Austria Sankt Pölten
22%
Lithuania Šiauliai
22%
Austria Wels
22%
Netherlands Dordrecht
20%
Luxembourg Dudelange
20%
Ireland Dundalk
20%
Liechtenstein Eschen
20%
Latvia Jelgava
20%
Denmark Roskilde
20%
Slovakia Trnava
20%
Ukraine Zaporizhzhia
20%
Lithuania Alytus
18%
San Marino Borgo Maggiore
18%
Greece Chalcis
18%
Turkey Diyarbakır
18%
Estonia Kohtla-Järve
18%
Ukraine Kryvyi Rih
18%
Finland Kuopio
18%
Serbia Novi Pazar
18%
Romania Oradea
18%
Belarus Pinsk
18%
Bulgaria Pleven
18%
North Macedonia Prilep
18%
Denmark Randers
18%
Slovakia Trenčín
18%
Liechtenstein Triesen
18%
Serbia Čačak
16%
Montenegro Cetinje
16%
Luxembourg Differdange
16%
Austria Dornbirn
16%
Ireland Drogheda
16%
Albania Fier
16%
Hungary Kecskemét
16%
Andorra La Massana
16%
Slovenia Novo Mesto
16%
Hungary Nyíregyháza
16%
Lithuania Panevėžys
16%
Czech Republic Pardubice
16%
Montenegro Pljevlja
16%
Romania Ploiești
16%
Finland Pori
16%
Bosnia and Herzegovina Prijedor
16%
Malta Sliema
16%
Bulgaria Stara Zagora
16%
Malta St. Paul's Bay
16%
Hungary Székesfehérvár
16%
Croatia Varaždin
16%
Estonia Viljandi
16%
Iceland Akranes
14%
Belarus Babruysk
14%
Bosnia and Herzegovina Bijeljina
14%
Czech Republic České Budějovice
14%
Bosnia and Herzegovina Doboj
14%
Kosovo Gnjilane
14%
Montenegro Herceg Novi
14%
Serbia Kraljevo
14%
Kosovo Peja
14%
Malta Qormi
14%
Iceland Selfoss
14%
North Macedonia Štip
14%
Hungary Szombathely
14%
Czech Republic Ústí nad Labem
14%
Slovenia Velenje
14%
Serbia Zrenjanin
14%
Liechtenstein Balzers
12%
Belarus Barysaw
12%
Bosnia and Herzegovina Bihać
12%
Bosnia and Herzegovina Brčko
12%
Bulgaria Dobrich
12%
San Marino Domagnano
12%
Norway Fredrikstad
12%
Denmark Horsens
12%
Czech Republic Hradec Králové
12%
Estonia Kuressaare
12%
Spain Las Palmas de Gran Canaria
12%
Slovakia Martin
12%
Monaco Monaco-Ville
12%
Andorra Sant Julià de Lòria
12%
Montenegro Ulcinj
12%
Denmark Vejle
12%
North Macedonia Veles
12%
Greece Acharnes
10%
San Marino Acquaviva
10%
Portugal Almada
10%
Albania Berat
10%
Montenegro Bijelo Polje
10%
San Marino Fiorentino
10%
North Macedonia Gostivar
10%
Lithuania Jonava
10%
Liechtenstein Mauren
10%
Serbia Pančevo
10%
Luxembourg Pétange
10%
Slovenia Ptuj
10%
Estonia Rakvere
10%
Moldova Rîbnița
10%
Belgium Schaerbeek
10%
Luxembourg Schifflange
10%
Bulgaria Sliven
10%
Latvia Valmiera
10%
Malta Żabbar
10%
Montenegro Berane
8%
Ireland Bray
8%
Moldova Cahul
8%
Kosovo Gjakova
8%
Denmark Kolding
8%
Lithuania Marijampolė
8%
Latvia Ogre
8%
Kosovo Orahovac
8%
Slovakia Poprad
8%
Latvia Rēzekne
8%
Croatia Sesvete
8%
Bulgaria Shumen
8%
Lithuania Utena
8%
Belarus Baranovichi
6%
Andorra Canillo
6%
Moldova Dubăsari
6%
San Marino Faetano
6%
Kosovo Ferizaj
6%
Monaco Fontvielle
6%
Latvia Jēkabpils
6%
Malta Msida
6%
Ireland Naas
6%
Andorra Ordino
6%
Kosovo Podujevo
6%
Albania Pogradec
6%
Liechtenstein Ruggell
6%
Andorra Santa Coloma d'Andorra
6%
Liechtenstein Schellenberg
6%
North Macedonia Strumica
6%
Liechtenstein Triesenberg
6%
Kosovo Vučitrn
6%
Norway Bærum
4%
Liechtenstein Gamprin
4%
Luxembourg Hesperange
4%
Monaco Jardin Exotique
4%
Slovenia Kamnik
4%
Monaco Larvotto
4%
Norway Lillestrøm
4%
Estonia Maardu
4%
Lithuania Mažeikiai
4%
San Marino Montegiardino
4%
Ireland Navan
4%
Estonia Sillamäe
4%
Slovenia Trbovlje
4%
Portugal Agualva-Cacém
2%
Luxembourg Bettembourg
2%
San Marino Chiesanuova
2%
Monaco Condamine
2%
Andorra El Pas de la Casa
2%
Iceland Ísafjörður
2%
Monaco La Rousse
2%
Monaco Les Moneghetti
2%
Albania Lushnjë
2%
Malta Naxxar
2%
Moldova Tighina
2%
Moldova Ungheni
2%
Iceland Vestmannaeyjar
2%
Andorra Arinsal
0%
Norway Asker
0%
Iceland Grindavík
0%
Iceland Hveragerði
0%
Luxembourg Käerjeng
0%
Malta Marsaskala
0%
Moldova Orhei
0%
Luxembourg Sanem
0%
Iceland Sauðárkrókur
0%
Croatia Slavosnki Brod
0%
Moldova Soroca
0%
Malta Swieqi
0%
No matching quizzes found
Score Distribution
Percent of People with Each Score
Percentile by Number Answered
Your Score History
You have not taken this quiz